| 000 | 00518nam a2200193Ii 4500 | ||
|---|---|---|---|
| 003 | JO-AjNU | ||
| 008 | 230606s9999||||xx |||||||||||||| ||und|| | ||
| 040 |
_aJO-AjNU _beng _erda _cJO-AjNU |
||
| 041 | _aeng | ||
| 050 | 1 | 4 | _aQA241.B83 |
| 100 | 3 |
_aBurton,David , _eauthor _93719 |
|
| 245 | 0 | 0 | _aElementrary Number Theory |
| 264 | 3 | 1 | _aDubuque:wcb, |
| 300 | _a182p | ||
| 336 |
_atext _btxt _2rdacontent |
||
| 337 |
_aunmediated _bn _2rdamedia |
||
| 338 |
_avolume _bnc _2rdacarrier |
||
| 650 | 4 |
_aNumbers, Prime. _93720 |
|
| 999 |
_aE1942 _c1942 _d1942 |
||